Memoria de la solemne sesión celebrada por el Ateneo de Granada con motivo de la adjudicación de premios en el certamen convocado por dicha sociedad con el nombre de Ilibérica (Record no. 177577)

MARC details
000 -LEADER
campo de control de longitud fija 00578nam a2200145 i 4500
001 - NÚMERO DE CONTROL
campo de control 177577
003 - IDENTIFICADOR DE NÚMERO DE CONTROL
campo de control ES-MaACL
005 - FECHA Y HORA DE LA ÚLTIMA TRANSACCIÓN
campo de control 20230906220351.0
008 - DATOS DE LONGITUD FIJA--INFORMACIÓN GENERAL
campo de control de longitud fija 110404s1884 sp |||| | spa d
110 2# - ENTRADA PRINCIPAL--NOMBRE DE ENTIDAD CORPORATIVA
Nombre de entidad corporativa o nombre de jurisdicción como elemento de entrada Ateneo de Granada.
9 (RLIN) 145954
245 10 - MENCIÓN DEL TÍTULO
Título Memoria de la solemne sesión celebrada por el Ateneo de Granada con motivo de la adjudicación de premios en el certamen convocado por dicha sociedad con el nombre de Ilibérica
Resto del título : 20 de junio de 1884.
260 ## - PUBLICACIÓN, DISTRIBUCIÓN, ETC.
Lugar de publicación, distribución, etc. Granada :
Nombre del editor, distribuidor, etc. [s.n.],
Fecha de publicación, distribución, etc. 1884 (
Fabricante Imp. de La Lealtad)
300 ## - DESCRIPCIÓN FÍSICA
Extensión 36 p. ;
Dimensiones 20 cm.
852 ## - LOCALIZACIÓN
Ubicación ES-MaACL
Número de control de estantería T-367-F-12
Holdings
Estatus retirado Estado de pérdida Estado de daño No para préstamo Colección Biblioteca de origen Biblioteca actual Ubicación en estantería Fecha de adquisición Fuente de adquisición Total de préstamos Signatura topográfica completa Código de barras Visto por última vez Precio de reemplazo Tipo de ítem Koha
        Colección de folletos Biblioteca del Ateneo de Madrid Biblioteca del Ateneo de Madrid Depósito folletos 04/04/2011     T-367-F-12 1186522 23/02/2023 23/02/2023 Folleto